00907 2200325 4500001002100000005001500021035002000036007000300056040001700059100002900076245007800105250001000183300004300193504002500236020001800261041000800279082001100287084001700298090002200315264003500337336002100372337003000393338002300423650001500446850001000461008004100471990002300512990002300535990002300558INLIS00000000000588720260423083938 a0010-0322000131ta aSBPUPADbind0 aChairul AnwarePengarang1 aHukum Adat Indonesia :bMeninjau hukum adat minang kabau /cChairul Anwar aCet.1 ax, 161 hal. :billus. ;c21,5x 15,5 cm aBibliografi, hlm 159 a979-518-647-40 aind a340.5A a340.5A CHA h a340.5A CHA h 11-4 aJakarta :bRineka Cipta,c1997 2rdacontentaTeks 2rdamediaaTanpa Perantara 2rdacarrieraVolume 4aHukum Adat aPUPAD260423 0  a13488/BR/KAPD/2010 a13489/BR/KAPD/2010 a13490/BR/KAPD/2010